Manual de buenas prácticas de contratación de operaciones logísticas /

Guardado en:
Autor Corporativo: Cámara empresaria de operadores logísticos (CEDOL)
Formato: Libro
Idioma:Spanish
Publicado: Buenos Aires, Argentina : CEDOL, 2010.
Edición:2a ed.
Materias:
Etiquetas: Agregar Etiqueta
Sin Etiquetas, Sea el primero en etiquetar este registro!
LEADER 00810nam a22002055a 4500
001 EIQ.libpla004250
008 121113s2010####ag#######b####000#0#spa#d
005 20121113121238.0
245 1 0 |a Manual de buenas prácticas de contratación de operaciones logísticas /  |c Cámara empresaria de operadores logísticos (CEDOL). 
250 |a 2a ed. 
260 |a Buenos Aires, Argentina :  |b CEDOL,  |c 2010. 
300 |a 103 p. ;  |c 23 cm. 
500 |a Cámara empresaria de operadores logísticos (CEDOL). 
504 |a Incluye referencas bibliográficas e índice. 
020 |a 9789872363307 
710 2 |a Cámara empresaria de operadores logísticos (CEDOL) 
082 0 4 |a 658.5  |2 21 
650 7 |a Logística  |x Operaciones logísticas 
650 7 |a Logistics  |x Logistics operations 
859 |a AR-BbSID  |b BIB. PLAPIQUI  |h 658.5  |i C32  |p 6219